00731nam a22001817a 4500003000400000005001700004008004100021040001400062100006900076245009500145260000900240300003000249500010800279504002600387942001600413999001500429952010500444OSt20171010095447.0120615t xxu||||| |||| 00| 0 eng d aMMSUcULS aBugarin, Joseph A., Marumi, Lovely P., Reyes, Romelyn F. 910367 aCoin-operated cellphone autoloader cJoseph A. Bugarin, Lovely P. Marumi, Romelyn F. Reyes c2007 axi, [95] leaves c28 cm.  aThesis (BS Computer Engineering) -- Mariano Marcos State University-College of Engineering, Batac City  aBibliography: leaf 51 2ddccTHEDIS c9571d9571 00102lcc4070aREFbREFd2012-06-15l0p3403-Un r2017-10-10w2017-10-10yTHEDISzLibrary Use only